000 01507nam a2200373 a 4500
001 ebr10381312
003 CaPaEBR
006 m u
007 cr cn|||||||||
008 951117s1962 dcu sb 001 0 eng d
010 _z 2003275380
020 _z9780813200095
020 _z0813209668
020 _z9780813211091 (e-book)
040 _aCaPaEBR
_cCaPaEBR
035 _a(OCoLC)647916542
041 1 _aeng
_hund
050 1 4 _aBR65.B33
_bE6 1962eb
082 0 4 _a248.4/7
_222
100 0 _aBasil,
_cSaint, Bishop of Caesarea,
_dca. 329-379.
245 1 0 _aAscetical works
_h[electronic resource] /
_cSaint Basil ; translated by M. Monica Wagner.
260 _aWashington, D.C. :
_bCatholic University of America Press,
_c1962
_g(1999 printing)
300 _axii, 525 p.
490 1 _aThe Fathers of the church ;
_vv. 9
500 _a"Writings of Saint Basil, volume 1"--P. [1]. No more published?
504 _aIncludes bibliographical references (p. 6) and index.
533 _aElectronic reproduction.
_bPalo Alto, Calif. :
_cebrary,
_d2013.
_nAvailable via World Wide Web.
_nAccess may be limited to ebrary affiliated libraries.
650 0 _aAsceticism
_xHistory
_yEarly church, ca. 30-600.
655 7 _aElectronic books.
_2local
700 1 _aWagner, Monica,
_d1910-
710 2 _aebrary, Inc.
830 0 _aFathers of the church ;
_vv. 9.
856 4 0 _uhttp://site.ebrary.com/lib/rucke/Doc?id=10381312
_zAn electronic book accessible through the World Wide Web; click to view
999 _c103219
_d103219